Statistics for Generator Puzzle #17

Click here to take the quiz!

General Stats

  • This quiz has been taken 378 times
    (358 since last reset)
  • The average score is 14 of 21

Answer Stats

Hint Answer % Correct
Unable to hearDeaf
99%
Fail to rememberForget
97%
Blood-pumping organHeart
95%
The end of lifeDeath
95%
3rd rock from the sunEarth
84%
A+, B-, or F, eg.Grade
83%
Expel smelly gasFart
79%
Buy and sell goodsTrade
74%
Love deeplyAdore
70%
Subsequently, laterAfter
70%
Indiana Jones' hatFedora
68%
Terror, frightFear
64%
Solemn vowOath
61%
Man-eating giantOgre
61%
(Male) protagonistHero
60%
Thin strand of fiberThread
53%
Come together, assembleGather
45%
Person who tends goatsGoatherd
40%
Current of cool airDraft
36%
9-Letter WordGODFATHER
17%
Declaim a speechOrate
15%

Score Distribution

Percentile by Number Answered

Percent of People with Each Score

Your Score History

You have not taken this quiz since the last reset